01172nam a22002055i 4500001000700000003000900007005001700016008004100033040002000074100003500094245024500129260007800374300002600452505023700478610007200715650001800787700004000805852009700845852002400942167556ES-MaACL20230906213541.0050926s1883 sp | |||||||| ||spa d aCAM bspa cCAM1 aVillafranca y Alfaro, Benigno.10aDiscursos leídos en la sesión de aniversario celebrada por la Sociedad Española de Hidrología Médica el día 4 de marzo de 1883 por el ... Dr. D. Benigno Villafranca y Alfaro y por el ... Dr. D. José María Bonilla y Carrasco. aMadrid : b[s.n.], c1883 (fEstablecimiento tipográfico de M. Minuesa) a53, [3] p. ; c24 cm.8 aResúmen de las tareas de la Sociedad Española de Hidrología Médica en el bienio de 1881 á 1883 / Benigno Villafranca y Alfaro: p. 3-17. El pasado y el presente de la hidrología médica / José María Bonilla: p. 21-5324aSociedad Española de Hidrología Médica-vMemorias y balances. 4aHidroterapia.0 aBonilla y Carrasco, José María. aES-MaACLjT-353-F-15 z-- Enc. hol., falto de la cub. original z-- Enc. en un vol. facticio aES-MaACLjT-355-F-7